[Event "Sydney International Challengers"]
[Site "Parramatta, NSW"]
[Date "2009.04.17"]
[Round "5.10"]
[White "Deen-Cowell, Nicholas"]
[Black "Setiabudi, Megan"]
[Result "1-0"]
[WhiteElo "1408"]
[BlackElo "1382"]
[PlyCount "83"]
[EventDate "2009.04.15"]
[EventType "swiss"]
[EventRounds "9"]
[EventCountry "AUS"]
[SourceDate "2009.04.15"]

1. e4 c5 2. Nf3 e6 3. d4 cxd4 4. Nxd4 Nc6 5. Nc3 d6 6. Be2 Nf6 7. Be3 Be7 8.
O-O O-O 9. f4 a6 10. a4 Qc7 11. Nb3 b6 12. Bf3 Bb7 13. Qe1 Rab8 14. Qg3 Nb4 15.
Nd4 d5 16. e5 Nd7 17. Bg4 Nc6 18. Nxe6 fxe6 19. Bxe6+ Kh8 20. Nxd5 Qd8 21. Rad1
Nc5 22. Qh3 h6 23. Nf6 Qc7 24. Nd7 Rbd8 25. Nxf8 Rxf8 26. Bxc5 Bxc5+ 27. Kh1
Rd8 28. Rxd8+ Qxd8 29. Qh5 Ne7 30. Rd1 Qf8 31. Qf7 Qxf7 32. Bxf7 Be4 33. Bb3
Nf5 34. Re1 Bc6 35. c3 Nh4 36. Re2 Ng6 37. f5 Nf4 38. Rd2 h5 39. e6 h4 40. h3
Nh5 41. Rd1 Ng3+ 42. Kh2 1-0

[Event "Sydney International Challengers"]
[Site "Parramatta, NSW"]
[Date "2009.04.17"]
[Round "5.12"]
[White "Gu, Sean"]
[Black "Glissan, Paul"]
[Result "1-0"]
[WhiteElo "1530"]
[BlackElo "1947"]
[PlyCount "85"]
[EventDate "2009.04.15"]
[EventType "swiss"]
[EventRounds "9"]
[EventCountry "AUS"]
[SourceDate "2009.04.15"]

1. e4 e5 2. Nf3 Nc6 3. d4 exd4 4. Bc4 Bb4+ 5. c3 dxc3 6. O-O Nf6 7. a3 Ba5 8.
b4 Bb6 9. e5 d5 10. exf6 dxc4 11. fxg7 Rg8 12. Qe1+ Be6 13. Bg5 Qd3 14. Nxc3
Rxg7 15. Ne4 Nd4 16. Nxd4 Bxd4 17. Rd1 Bc3 18. Nxc3 Qg6 19. h4 h6 20. f4 hxg5
21. f5 Qf6 22. fxe6 Qxe6 23. Qxe6+ fxe6 24. h5 g4 25. Ne4 Ke7 26. Nf6 Rd8 27.
Rxd8 Kxd8 28. h6 Rg6 29. h7 Rh6 30. Rd1+ Kc8 31. Re1 b6 32. Rxe6 Kb7 33. Kf2 c3
34. Ke2 Rh2 35. Kd1 g3 36. Re3 Rxg2 37. Rxg3 c2+ 38. Kc1 Rxg3 39. h8=Q Rxa3 40.
Kxc2 a5 41. Qh1+ Ka7 42. b5 Re3 43. Qc6 1-0

[Event "Sydney International Challengers"]
[Site "Parramatta, NSW"]
[Date "2009.04.17"]
[Round "5.13"]
[White "Barcelona, Eliel"]
[Black "Canfell, Mike"]
[Result "0-1"]
[WhiteElo "1455"]
[BlackElo "1932"]
[PlyCount "99"]
[EventDate "2009.04.15"]
[EventType "swiss"]
[EventRounds "9"]
[EventCountry "AUS"]
[SourceDate "2009.04.15"]

1. d4 Nf6 2. c4 g6 3. Nc3 Bg7 4. e3 O-O 5. Bd3 d6 6. Bd2 Nbd7 7. Qc2 e5 8. h4
exd4 9. exd4 Re8+ 10. Nge2 Ng4 11. O-O-O Nxf2 12. Rdf1 Nxh1 13. Bg5 Bf6 14. Bf4
Nf8 15. Rxh1 Bg4 16. h5 Bxh5 17. Rxh5 gxh5 18. Ne4 Ng6 19. Qd2 Nxf4 20. Qxf4
Bg7 21. Ng5 Qf6 22. Bxh7+ Kh8 23. Bd3 Qxf4+ 24. Nxf4 Bh6 25. Nxf7+ Kg7 26. Nxh6
Kxh6 27. Kd2 Re7 28. Nd5 Rg7 29. Be4 Re8 30. Bf3 c6 31. Nf6 Rf8 32. Nxh5 Rxg2+
33. Bxg2 Kxh5 34. Kc3 Kg5 35. a4 {White offered a draw.} Rf7 36. a5 c5 37. dxc5
dxc5 38. Kb3 Kf4 39. Bd5 Rd7 40. a6 b6 41. Ka4 Rxd5 42. cxd5 Ke5 43. Kb5 Kxd5
44. b3 Kd6 45. Kc4 Kc6 46. Kc3 Kb5 47. Kd3 Kxa6 48. Kc4 Ka5 49. Kd5 Kb4 50. Kc6
0-1

[Event "Sydney International Challengers"]
[Site "Parramatta, NSW"]
[Date "2009.04.17"]
[Round "5.14"]
[White "Eustace, Sophie"]
[Black "Bleicher, Horst"]
[Result "1-0"]
[WhiteElo "1419"]
[BlackElo "1822"]
[PlyCount "59"]
[EventDate "2009.04.15"]
[EventType "swiss"]
[EventRounds "9"]
[EventCountry "AUS"]
[SourceDate "2009.04.15"]

1. e4 e5 2. Nf3 Nc6 3. d4 exd4 4. Nxd4 Bc5 5. Be3 Nxd4 6. Bxd4 Bxd4 7. Qxd4 Qf6
8. Qxf6 Nxf6 9. Nc3 d6 10. f3 a6 11. Bc4 O-O 12. O-O Re8 13. Rfe1 Nd7 14. Nd5
b5 15. Nxc7 Re7 16. Nxa8 bxc4 17. Nc7 Bb7 18. Nd5 Re8 19. Rad1 f5 20. Nc3 fxe4
21. Nxe4 Bxe4 22. Rxe4 Rb8 23. Rxd6 Nf6 24. Rxc4 Rxb2 25. Rxa6 Nd5 26. Kf2 h6
27. Ke2 Nb4 28. Rb6 Rxc2+ 29. Rxc2 Nxc2 30. a4 1-0

[Event "Sydney International Challengers"]
[Site "Parramatta, NSW"]
[Date "2009.04.17"]
[Round "5.17"]
[White "Tracey, Michael"]
[Black "Escalante, Lorenzo"]
[Result "1-0"]
[WhiteElo "1418"]
[BlackElo "1891"]
[PlyCount "45"]
[EventDate "2009.04.15"]
[EventType "swiss"]
[EventRounds "9"]
[EventCountry "AUS"]
[SourceDate "2009.04.15"]

1. b4 Nf6 2. Bb2 e6 3. a3 d5 4. e3 Nbd7 5. Nf3 Bd6 6. d4 c6 7. Nbd2 Qc7 8. h3
e5 9. dxe5 Nxe5 10. c4 b6 11. Rc1 Be6 12. Be2 Rb8 13. O-O O-O 14. Nd4 dxc4 15.
Nxe6 fxe6 16. Nxc4 Ne4 17. Nxd6 Qxd6 18. Qxd6 Nxd6 19. Bxe5 Rbd8 20. Rxc6 Ne4
21. Rc7 Rf7 22. Rxf7 Kxf7 23. Rd1 1-0

[Event "Sydney International Challengers"]
[Site "Parramatta, NSW"]
[Date "2009.04.17"]
[Round "5.18"]
[White "Mithran, Mirakla"]
[Black "Hvistendahl, Robert"]
[Result "1/2-1/2"]
[WhiteElo "1175"]
[BlackElo "1888"]
[PlyCount "102"]
[EventDate "2009.04.15"]
[EventType "swiss"]
[EventRounds "9"]
[EventCountry "AUS"]
[SourceDate "2009.04.15"]

1. e4 d5 2. exd5 Qxd5 3. Nc3 Qa5 4. d3 c6 5. Bd2 Qb6 6. Rb1 Nf6 7. Nf3 Bg4 8.
Be2 Nbd7 9. O-O e5 10. Be3 Qa5 11. Bd2 Qc7 12. Ng5 Bf5 13. Nge4 Be7 14. f4 Qb6+
15. Kh1 Be6 16. fxe5 Nxe5 17. Bf4 Nfg4 18. Qd2 f5 19. Bxg4 Nxg4 20. Nf2 Nxf2+
21. Qxf2 Qxf2 22. Rxf2 Bf6 23. Re2 Kf7 24. Rbe1 Rhe8 25. Be5 Bh4 26. g3 Bd8 27.
Bxg7 b5 28. a3 a5 29. Bd4 b4 30. Na4 Rb8 31. Kg1 Bg5 32. Nc5 Bd5 33. Rxe8 Rxe8
34. Rxe8 Kxe8 35. axb4 axb4 36. b3 f4 37. gxf4 Bxf4 38. Na6 Bf3 39. Nxb4 Bd1
40. c3 Kd7 41. Na6 Bd6 42. b4 Bc2 43. Nc5+ Bxc5 44. Bxc5 Bxd3 45. Kf2 Ke6 46.
Kg3 Kf5 47. h4 h5 48. Be7 Ke4 49. Bg5 Be2 50. Kf2 Bc4 51. Kg3 Bd3 1/2-1/2

[Event "Sydney International Challengers"]
[Site "Parramatta, NSW"]
[Date "2009.04.17"]
[Round "5.19"]
[White "Lin, Mark"]
[Black "Ivanov, Nikola"]
[Result "0-1"]
[WhiteElo "657"]
[BlackElo "1789"]
[PlyCount "108"]
[EventDate "2009.04.15"]
[EventType "swiss"]
[EventRounds "9"]
[EventCountry "AUS"]
[SourceDate "2009.04.15"]

1. e4 d6 2. d4 g6 3. Nf3 Bg7 4. Be3 Nf6 5. Nbd2 a6 6. c3 Nbd7 7. Bc4 O-O 8. O-O
e5 9. Qc1 Qe7 10. dxe5 Nxe5 11. Nxe5 Qxe5 12. Bd4 Qe7 13. Qc2 Re8 14. Rad1 Be6
15. Bxe6 Qxe6 16. b3 c5 17. Bxf6 Qxf6 18. c4 Re6 19. Rfe1 Rae8 20. Nf1 Qb2 21.
Qxb2 Bxb2 22. Re2 Bd4 23. Ng3 f5 24. b4 b6 25. a4 a5 26. bxc5 Bxc5 27. Kf1 f4
28. Nh1 Rxe4 29. Rxe4 Rxe4 30. Rc1 g5 31. g3 Kf7 32. Rc3 Kf6 33. f3 Re3 34.
Rxe3 Bxe3 35. Nf2 Bxf2 36. Kxf2 Ke5 37. Ke2 Kd4 38. gxf4 gxf4 39. Kd2 Kxc4 40.
Kc2 Kb4 41. h4 Kxa4 42. h5 b5 43. h6 b4 44. Kb2 Kb5 45. Kb3 a4+ 46. Kb2 Kc4 47.
Ka2 Kc3 48. Ka1 b3 49. Kb1 a3 50. Ka1 d5 51. Kb1 d4 52. Ka1 d3 53. Kb1 d2 54.
Ka1 d1=Q# 0-1

[Event "Sydney International Challengers"]
[Site "Parramatta, NSW"]
[Date "2009.04.17"]
[Round "5.20"]
[White "Greenwood, Norman"]
[Black "Leong, Edward"]
[Result "0-1"]
[WhiteElo "1475"]
[BlackElo "1432"]
[PlyCount "94"]
[EventDate "2009.04.15"]
[EventType "swiss"]
[EventRounds "9"]
[EventCountry "AUS"]
[SourceDate "2009.04.15"]

1. d4 Nf6 2. Nf3 d5 3. c3 e6 4. Bg5 h6 5. Bh4 c5 6. e3 Nc6 7. Ne5 g5 8. Nxc6
bxc6 9. Bg3 cxd4 10. exd4 Bg7 11. Be5 O-O 12. h4 Ne4 13. f3 Bxe5 14. dxe5 Ng3
15. Rh3 Nxf1 16. Kxf1 Ba6+ 17. Kg1 f5 18. hxg5 Qxg5 19. Qd2 f4 20. Qe1 Rf5 21.
Nd2 Rxe5 22. Qh4 Re2 23. Qxg5+ hxg5 24. Nb3 Re5 25. Nc5 Bc8 26. b4 a5 27. Rh5
Kg7 28. Kf2 Ba6 29. Re1 Rxe1 30. Kxe1 Kg6 31. Rh1 axb4 32. cxb4 Bb5 33. Rh2
Rxa2 34. Nxe6 Re2+ 35. Kd1 Rxe6 36. Kd2 d4 37. g3 fxg3 38. Rh3 Re2+ 39. Kd1 g2
40. Rg3 Rf2 41. f4 Rf1+ 42. Kd2 g1=Q 43. Rxg5+ Qxg5 44. fxg5 Rf2+ 45. Ke1 Rb2
46. Kd1 Rxb4 47. Kc1 Kxg5 0-1

[Event "Sydney International Challengers"]
[Site "Parramatta, NSW"]
[Date "2009.04.17"]
[Round "5.22"]
[White "Banovic, Milko"]
[Black "Nakauchi, Kenji"]
[Result "0-1"]
[WhiteElo "1332"]
[BlackElo "927"]
[PlyCount "96"]
[EventDate "2009.04.15"]
[EventType "swiss"]
[EventRounds "9"]
[EventCountry "AUS"]
[SourceDate "2009.04.15"]

1. e4 e6 2. d4 d5 3. e5 c5 4. c3 Nc6 5. Nf3 Qb6 6. Be2 Bd7 7. O-O Nge7 8. Qd2
g6 9. Rd1 Bg7 10. b3 cxd4 11. cxd4 f6 12. exf6 Bxf6 13. Bb2 Nf5 14. Na3 Qb4 15.
Nc2 Qxd2 16. Rxd2 Kf7 17. Re1 Rhe8 18. Ne3 Nd6 19. Ng4 Rad8 20. Nfe5+ Bxe5 21.
dxe5 Nf5 22. Nf6 Rh8 23. Nxd7 Rxd7 24. g4 Nh4 25. h3 g5 26. Kh2 d4 27. Kg3 Rhd8
28. Bb5 Rd5 29. Bxc6 bxc6 30. f4 h6 31. fxg5 hxg5 32. Rf1+ Ke7 33. Rd3 Ng6 34.
Bc1 Rxe5 35. Ba3+ c5 36. Rc1 Rdd5 37. Rcd1 Nf4 38. Rf3 Ne2+ 39. Kf2 Nc3 40. Rf1
d3 41. Kg1 Ne2+ 42. Kh1 Nf4 43. Rd1 d2 44. Bxc5+ Rxc5 45. Rxd2 Rc1+ 46. Kh2
Ree1 47. Rff2 Rh1+ 48. Kg3 Rxh3# 0-1

[Event "Sydney International Challengers"]
[Site "Parramatta, NSW"]
[Date "2009.04.17"]
[Round "5.24"]
[White "Christian, Kashish"]
[Black "Derwent, Ethan"]
[Result "0-1"]
[WhiteElo "474"]
[BlackElo "1123"]
[PlyCount "122"]
[EventDate "2009.04.15"]
[EventType "swiss"]
[EventRounds "9"]
[EventCountry "AUS"]
[SourceDate "2009.04.15"]

1. e4 c5 2. Nf3 d6 3. b3 Nf6 4. d3 Nc6 5. Bb2 g6 6. Be2 Bg7 7. O-O O-O 8. Nbd2
e5 9. h3 Nh5 10. Nc4 b5 11. Ne3 Nf4 12. Nd5 Nxd5 13. exd5 Ne7 14. c4 b4 15. a4
a5 16. Rb1 f5 17. Re1 f4 18. Ng5 Nf5 19. Ne4 g5 20. Bg4 Ra7 21. Qd2 Bh8 22. g3
h6 23. Bxf5 Bxf5 24. g4 Bxe4 25. dxe4 Rh7 26. f3 Qe8 27. Re2 h5 28. gxh5 Qxh5
29. Rh2 Qxf3 30. Qc2 Rxh3 31. Rxh3 Qxh3 32. Rf1 Qg3+ 33. Kh1 Rf7 34. Rf2 Rh7+
35. Rh2 Rxh2+ 36. Qxh2 Qxh2+ 37. Kxh2 Kg7 38. Kh3 f3 39. Kg3 g4 40. Bc1 Kg6 41.
Be3 Kh5 42. Kh2 Bf6 43. Bf2 Bh4 44. Bxh4 Kxh4 45. Kg1 g3 46. Kh1 Kh3 47. Kg1
f2+ 48. Kf1 g2+ 49. Kxf2 Kh2 50. Kf3 g1=Q 51. Ke2 Qg3 52. Kd2 Qf3 53. Kc2 Qe3
54. Kb2 Qc3+ 55. Kb1 Qd2 56. Ka1 Kg3 57. Kb1 Kf3 58. Ka1 Ke3 59. Kb1 Kd3 60.
Ka1 Kc3 61. Kb1 Qb2# 0-1

[Event "Sydney International Challengers"]
[Site "Parramatta, NSW"]
[Date "2009.04.17"]
[Round "5.26"]
[White "Mithran, Mishael"]
[Black "Talisayon, Samuel"]
[Result "0-1"]
[WhiteElo "624"]
[BlackElo "1192"]
[PlyCount "64"]
[EventDate "2009.04.15"]
[EventType "swiss"]
[EventRounds "9"]
[EventCountry "AUS"]
[SourceDate "2009.04.15"]

1. e4 c5 2. Bc4 e6 3. Nc3 a6 4. Nf3 b5 5. Be2 Nc6 6. O-O h6 7. d3 g5 8. a3 Bb7
9. b4 cxb4 10. axb4 Bxb4 11. Bd2 g4 12. Ne1 h5 13. f3 Qb6+ 14. Kh1 O-O-O 15.
fxg4 hxg4 16. Bxg4 Qc7 17. h3 f5 18. exf5 exf5 19. Bxf5 Nd4 20. Na2 Nxf5 21.
Rxf5 Rxh3+ 22. Kg1 Bc5+ 23. Kf1 Rh1+ 24. Ke2 Re8+ 25. Be3 Rxe3+ 26. Kd2 Qa5+
27. Nc3 Qb6 28. Qg4 Nh6 29. Qg7 Nxf5 30. Qg8+ Kc7 31. Qf7 Ng3 32. Qf4+ Kc8 0-1

[Event "Sydney International Challengers"]
[Site "Parramatta, NSW"]
[Date "2009.04.17"]
[Round "6.1"]
[White "Savige, Colin"]
[Black "Baterowicz, Mark"]
[Result "1-0"]
[WhiteElo "1999"]
[BlackElo "1732"]
[PlyCount "65"]
[EventDate "2009.04.15"]
[EventType "swiss"]
[EventRounds "9"]
[EventCountry "AUS"]
[SourceDate "2009.04.15"]

1. e4 e6 2. d4 d5 3. Nc3 Bb4 4. e5 c5 5. a3 cxd4 6. axb4 dxc3 7. bxc3 Qc7 8.
Qd4 Nc6 9. Bb5 Nge7 10. f4 Bd7 11. Bxc6 Nxc6 12. Qd3 O-O 13. Be3 b6 14. Nf3 f6
15. exf6 gxf6 16. O-O Be8 17. f5 e5 18. Qxd5+ Bf7 19. Qe4 Kh8 20. Bh6 Rg8 21.
Qh4 Qe7 22. Qe4 Rac8 23. Rae1 Nd8 24. Qh4 Rc4 25. Re4 Rxe4 26. Qxe4 Qd6 27. Nh4
Bh5 28. h3 Nf7 29. Be3 Qc7 30. Bd2 Nd6 31. Qe3 Nc4 32. Qh6 Qg7 $4 33. Qxh5 (33.
Qxh5 Nxd2 34. Ng6+) 1-0

[Event "Sydney International Challengers"]
[Site "Parramatta, NSW"]
[Date "2009.04.17"]
[Round "6.2"]
[White "Feng, Thomas"]
[Black "Erkan, Mustafa"]
[Result "0-1"]
[WhiteElo "1638"]
[BlackElo "1636"]
[PlyCount "90"]
[EventDate "2009.04.15"]
[EventType "swiss"]
[EventRounds "9"]
[EventCountry "AUS"]
[SourceDate "2009.04.15"]

1. d4 Nf6 2. Nf3 e6 3. g3 Be7 4. Bg2 c5 5. c4 cxd4 6. Nxd4 Nc6 7. O-O O-O 8.
Nc3 Rb8 9. e4 d6 10. Be3 Ne5 11. b3 b6 12. h3 Bb7 13. f4 Ned7 14. Qc2 a6 15.
Rac1 Qc7 16. f5 e5 17. Nde2 b5 18. Nd5 Bxd5 19. cxd5 Qb7 20. Qd3 Rfc8 21. Rfd1
Bd8 22. g4 h6 23. Ng3 Bb6 24. Bf3 Qa7 25. Kf2 Nc5 26. Bxc5 Rxc5 27. Rxc5 Bxc5+
28. Ke2 Bg1 29. Kd2 Rc8 30. Ne2 Bc5 31. Rc1 Nd7 32. Kd1 Rc7 33. Rc2 Qb6 34. Qc3
a5 35. Nc1 Ra7 36. Nd3 Kh7 37. Qd2 Be3 38. Qe2 Qd4 39. Ke1 Nf6 40. Nf2 Qb4+ 41.
Kf1 Bb6 42. Nd3 Qd4 43. Ke1 Nd7 44. Rb2 Rc7 45. Rc2 Qg1+ 0-1

[Event "Sydney International Challengers"]
[Site "Parramatta, NSW"]
[Date "2009.04.18"]
[Round "6.4"]
[White "Harris, Bruce"]
[Black "Weller, Tony"]
[Result "1/2-1/2"]
[WhiteElo "1411"]
[BlackElo "1987"]
[PlyCount "144"]
[EventDate "2009.04.15"]
[EventType "swiss"]
[EventRounds "9"]
[EventCountry "AUS"]
[SourceDate "2009.04.15"]

1. e4 c5 2. c3 e6 3. d4 d5 4. exd5 exd5 5. Nf3 Nf6 6. Be3 c4 7. g3 Bd6 8. Bg2
O-O 9. O-O Bf5 10. Nbd2 Qd7 11. Ne5 Bxe5 12. dxe5 Ng4 13. Bd4 Nc6 14. Re1 Rfe8
15. f4 Nh6 16. Qf3 Nxd4 17. cxd4 Rad8 18. Qf1 Bd3 19. Qf3 Qb5 20. b3 c3 21. Nf1
Nf5 22. Rad1 Bc2 23. Rc1 Nxd4 24. Qxc3 Qb6 25. Kh1 Rc8 26. Qd2 Be4 27. Ne3 Nf3
28. Bxf3 Bxf3+ 29. Kg1 Qe6 30. Qf2 Be4 31. Rcd1 Red8 32. Rd2 Rc3 33. Nd1 Rf3
34. Qxa7 Qc8 35. Nf2 Bf5 36. Kg2 Rc3 37. Qd4 Rc1 38. Rxc1 Qxc1 39. h3 h5 40.
Rd1 Qc2 41. Qd2 Qxd2 42. Rxd2 Bd7 43. g4 hxg4 44. hxg4 f6 45. exf6 gxf6 46. Kg3
Bc6 47. Ne4 Kf7 48. Nc5 Re8 49. Kf3 Re1 50. Kf2 Rh1 51. Nd3 Rh2+ 52. Ke1 Rh1+
53. Ke2 Bb5 54. Ke3 Rg1 55. Nf2 Bc6 56. Kd4 Ke6 57. Rb2 Rg2 58. b4 Ke7 59. Kc5
Kd8 60. b5 Bd7 61. Kxd5 Bxg4 62. a4 Bd7 63. a5 Bxb5 64. Rxb5 Rxf2 65. Ke4 Kc7
66. Rf5 Ra2 67. Kf3 Kd7 68. Rxf6 Rxa5 69. Rf7+ Kc6 70. Rf6+ Kc7 71. Kg4 Ra1 72.
Rf5 Kc6 1/2-1/2

[Event "Sydney International Challengers"]
[Site "Parramatta, NSW"]
[Date "2009.04.18"]
[Round "6.6"]
[White "Barker, Ken"]
[Black "Deen-Cowell, Nicholas"]
[Result "1/2-1/2"]
[WhiteElo "1468"]
[BlackElo "1408"]
[PlyCount "101"]
[EventDate "2009.04.15"]
[EventType "swiss"]
[EventRounds "9"]
[EventCountry "AUS"]
[SourceDate "2009.04.15"]

1. e4 c5 2. d3 d6 3. Nf3 Nc6 4. g3 Nf6 5. Bg2 g6 6. O-O Bg7 7. Nbd2 O-O 8. Re1
Nd7 9. Nf1 Rb8 10. h3 b5 11. g4 a5 12. Ng3 b4 13. h4 Nde5 14. Nh2 Nd4 15. g5
Ba6 16. f4 Nec6 17. Ng4 c4 18. e5 cxd3 19. cxd3 dxe5 20. fxe5 Ne6 21. Bxc6 Qb6+
22. Be3 Qxc6 23. Rc1 Qd5 24. Qe2 Bxe5 25. Nxe5 Qxe5 26. Qf2 Qd5 27. Ne4 Bxd3
28. Nc5 Nxc5 29. Bxc5 Rfe8 30. Bxe7 Qf5 31. Qxf5 Bxf5 32. Rc7 Be6 33. Rec1 Rb5
34. Bf6 Rf5 35. Ra7 Rf4 36. Re1 Rxh4 37. Kf2 h5 38. Rxe6 fxe6 39. Rg7+ Kf8 40.
Rh7 Rf4+ 41. Ke3 Rxf6 42. gxf6 e5 43. Rg7 Re6 44. Rxg6 Kf7 45. Rh6 Rxf6 46.
Rxh5 Ke6 47. Rh8 Kf5 48. Rh5+ Ke6 49. Rh8 Kf5 50. Rh5+ Ke6 51. Rh8 1/2-1/2

[Event "Sydney International Challengers"]
[Site "Parramatta, NSW"]
[Date "2009.04.17"]
[Round "6.7"]
[White "Canfell, Mike"]
[Black "Miranda, Adrian"]
[Result "0-1"]
[WhiteElo "1932"]
[BlackElo "1469"]
[PlyCount "58"]
[EventDate "2009.04.15"]
[EventType "swiss"]
[EventRounds "9"]
[EventCountry "AUS"]
[SourceDate "2009.04.15"]

1. e4 e6 2. d4 d5 3. Nd2 Nf6 4. e5 Nfd7 5. Bd3 c5 6. c3 Nc6 7. Ne2 cxd4 8. cxd4
f6 9. exf6 Qxf6 10. Nf3 h6 11. a3 Bd6 12. Be3 O-O 13. O-O Rd8 14. Rc1 Nf8 15.
Bb1 Bd7 16. Qd2 Be8 17. Bf4 Bh5 18. Bxd6 Rxd6 19. Rc3 Re8 20. Rd1 e5 21. dxe5
Nxe5 22. Nxe5 Rxe5 23. Re1 d4 24. Ba2+ Kh8 25. Rc8 Qe7 26. Kf1 d3 27. Nf4 Rxe1+
28. Qxe1 Qxe1+ 29. Kxe1 d2+ 0-1

[Event "Sydney International Challengers"]
[Site "Parramatta, NSW"]
[Date "2009.04.18"]
[Round "6.8"]
[White "Gu, Sean"]
[Black "Christensen, Joshua"]
[Result "1-0"]
[WhiteElo "1530"]
[BlackElo "1882"]
[PlyCount "115"]
[EventDate "2009.04.15"]
[EventType "swiss"]
[EventRounds "9"]
[EventCountry "AUS"]
[SourceDate "2009.04.15"]

1. e4 d5 2. exd5 Qxd5 3. Nc3 Qa5 4. d4 c6 5. Nf3 Nf6 6. Bc4 Bg4 7. Bd2 Qc7 8.
O-O e6 9. Re1 Bd6 10. h3 Bh5 11. Bg5 Nbd7 12. Nb1 O-O 13. Nbd2 h6 14. Bxf6 Nxf6
15. c3 c5 16. Rc1 Bh2+ 17. Kh1 Bf4 18. g4 Qc6 19. Kg1 Bxd2 20. Nxd2 Bg6 21. Bf1
Rad8 22. Bg2 Qd7 23. Nf3 cxd4 24. Nxd4 Nd5 25. Qf3 Qc7 26. Rcd1 Qf4 27. Qxf4
Nxf4 28. Bf1 Rd5 29. Kh2 Rfd8 30. Kg3 e5 31. Bc4 Rc5 32. Bf1 exd4 33. Kxf4 d3
34. Rd2 Rc4+ 35. Kg3 Kf8 36. f4 Be4 37. b3 Rxc3 38. Rxe4 Rc2 39. Rxd3 Rxd3+ 40.
Bxd3 Rxa2 41. Bc4 Rd2 42. Re2 Rd6 43. Kf3 a6 44. Re3 b5 45. Be2 Rb6 46. Re5 Rc6
47. Re3 Rb6 48. Re4 Rc6 49. f5 Rc5 50. Kf4 a5 51. Re5 Rc3 52. Rxb5 Rxh3 53. Bf3
Rh2 54. Rxa5 Rb2 55. Rb5 Ke7 56. Rb8 Rd2 57. b4 Kd6 58. Rd8+ 1-0

[Event "Sydney International Challengers"]
[Site "Parramatta, NSW"]
[Date "2009.04.17"]
[Round "6.9"]
[White "Eustace, Sophie"]
[Black "Parker, Trent"]
[Result "1/2-1/2"]
[WhiteElo "1419"]
[BlackElo "1784"]
[PlyCount "45"]
[EventDate "2009.04.15"]
[EventType "swiss"]
[EventRounds "9"]
[EventCountry "AUS"]
[SourceDate "2009.04.15"]

1. e4 e6 2. d4 d5 3. exd5 exd5 4. Nf3 Bd6 5. Nc3 Ne7 6. Be2 Nbc6 7. Nb5 Bf5 8.
c3 f6 9. Nh4 Be6 10. Bh5+ g6 11. Be2 a6 12. Nxd6+ Qxd6 13. Be3 O-O-O 14. Qd2 g5
15. Nf3 Nf5 16. O-O-O g4 17. Ne1 Nxe3 18. Qxe3 Rhe8 19. Qh6 Bf5 20. Bd3 Bxd3
21. Nxd3 f5 22. Qxh7 Qf6 23. Nf4 1/2-1/2

[Event "Sydney International Challengers"]
[Site "Parramatta, NSW"]
[Date "2009.04.17"]
[Round "6.10"]
[White "Griffin, Hamish"]
[Black "Yuen, Jonathan"]
[Result "0-1"]
[WhiteElo "1755"]
[BlackElo "1371"]
[PlyCount "36"]
[EventDate "2009.04.15"]
[EventType "swiss"]
[EventRounds "9"]
[EventCountry "AUS"]
[SourceDate "2009.04.15"]

1. e4 d5 2. exd5 Nf6 3. c4 e6 4. dxe6 Bxe6 5. Nf3 Nc6 6. d4 Bb4+ 7. Nc3 Qe7 8.
Be3 O-O-O 9. Qc2 Rhe8 10. O-O-O Bg4 11. Be2 Bxc3 12. bxc3 Ne4 13. Rhe1 Qa3+ 14.
Qb2 Qxc3+ 15. Qxc3 Nxc3 16. Rd2 Nxe2+ 17. Rexe2 Bxf3 18. gxf3 Nxd4 0-1

[Event "Sydney International Challengers"]
[Site "Parramatta, NSW"]
[Date "2009.04.17"]
[Round "6.11"]
[White "Ivanov, Nikola"]
[Black "McCook, Jake"]
[Result "0-1"]
[WhiteElo "1789"]
[BlackElo "1188"]
[PlyCount "68"]
[EventDate "2009.04.15"]
[EventType "swiss"]
[EventRounds "9"]
[EventCountry "AUS"]
[SourceDate "2009.04.15"]

1. f4 d5 2. Nf3 Nf6 3. e3 Bf5 4. Be2 e6 5. b3 Nbd7 6. Bb2 Bc5 7. O-O O-O 8. Ne5
Nxe5 9. Bxe5 h6 10. d4 Bd6 11. Bxf6 Qxf6 12. Nd2 c5 13. c3 cxd4 14. cxd4 Rac8
15. Rc1 Ba3 16. Rxc8 Rxc8 17. Nb1 Rc1 18. Qd2 Rxb1 19. Rxb1 Bxb1 20. g3 Qe7 21.
Bd3 Bxd3 22. Qxd3 Qc7 23. Kf2 a6 24. h4 Qc1 25. Qe2 Qb2 26. g4 Qxe2+ 27. Kxe2
Kf8 28. h5 f6 29. f5 e5 30. dxe5 fxe5 31. Kd3 Ke7 32. Ke2 Kf6 33. Kf3 e4+ 34.
Kf4 Bd6# 0-1

[Event "Sydney International Challengers"]
[Site "Parramatta, NSW"]
[Date "2009.04.17"]
[Round "6.13"]
[White "Tracey, Michael"]
[Black "Simmonds, Leteisha"]
[Result "1/2-1/2"]
[WhiteElo "1418"]
[BlackElo "1169"]
[PlyCount "139"]
[EventDate "2009.04.15"]
[EventType "swiss"]
[EventRounds "9"]
[EventCountry "AUS"]
[SourceDate "2009.04.15"]

1. f4 Nf6 2. Nf3 d5 3. e3 Bf5 4. b3 c6 5. Bb2 e6 6. h3 Nbd7 7. d3 h6 8. Be2 Qb6
9. d4 Ne4 10. O-O Ndf6 11. Nbd2 Ng3 12. Rf2 Nfe4 13. Nxe4 Bxe4 14. Kh2 Nf5 15.
Bc1 c5 16. c3 cxd4 17. cxd4 Rc8 18. Bd2 Ba3 19. g4 Nd6 20. Bc1 Bc2 21. Qe1 Bb4
22. Bd2 Bxd2 23. Nxd2 Ne4 24. Nxe4 Bxe4 25. Rc1 Ke7 26. Qd2 a6 27. Rff1 Kd7 28.
Bd3 Bxd3 29. Qxd3 Qb4 30. f5 Qd6+ 31. Kg2 f6 32. fxe6+ Qxe6 33. Rfe1 Qe4+ 34.
Qxe4 dxe4 35. Kg3 g5 36. b4 b6 37. a4 Kd6 38. h4 Ke6 39. h5 Rhd8 40. Rf1 Rxc1
41. Rxc1 Kd7 42. b5 axb5 43. axb5 Rc8 44. Ra1 Rc3 45. Ra7+ Rc7 46. Ra6 Rc3 47.
Rxb6 Rxe3+ 48. Kf2 Rf3+ 49. Ke2 Rf4 50. Ke3 Ke7 51. d5 Rxg4 52. Re6+ Kf7 53.
Rxe4 Rxe4+ 54. Kxe4 Ke7 55. b6 Kd7 56. Kf5 Kd6 57. b7 Kc7 58. Ke6 g4 59. Ke7 g3
60. d6+ Kxb7 61. d7 g2 62. d8=Q g1=Q 63. Qd7+ Kb6 64. Qd6+ Kb7 65. Qxf6 Qc5+
66. Kf7 Qxh5+ 67. Kg7 Qg5+ 68. Qg6 Kc7 69. Kh7 Qxg6+ 70. Kxg6 1/2-1/2

[Event "Sydney International Challengers"]
[Site "Parramatta, NSW"]
[Date "2009.04.18"]
[Round "6.16"]
[White "Glissan, Paul"]
[Black "Ren, Jonathan"]
[Result "1-0"]
[WhiteElo "1947"]
[BlackElo "1439"]
[PlyCount "153"]
[EventDate "2009.04.15"]
[EventType "swiss"]
[EventRounds "9"]
[EventCountry "AUS"]
[SourceDate "2009.04.15"]

1. e4 c5 2. Nc3 e6 3. d3 d5 4. Bd2 Nc6 5. g3 Nf6 6. Bg2 Be7 7. f4 d4 8. Nce2 e5
9. f5 b6 10. Nh3 Bb7 11. Nf2 Qc7 12. c3 Nd7 13. O-O O-O 14. g4 f6 15. Nh3 Bd6
16. g5 Kf7 17. Ng3 Ke7 18. Qh5 Rh8 19. gxf6+ Nxf6 20. Bg5 Raf8 21. Qh4 Kd7 22.
Nh5 Nxh5 23. Qxh5 Kc8 24. Qe2 h6 25. Bh4 Be7 26. Bg3 Qd7 27. Nf2 h5 28. f6 Rxf6
29. Bh3 Re6 30. Bxe6 Qxe6 31. Nh1 h4 32. Be1 Qg6+ 33. Qg2 Qxg2+ 34. Kxg2 h3+
35. Kf3 Kc7 36. Ke2 Bc8 37. Rf7 g5 38. Ng3 Be6 39. Rg7 Rf8 40. Nf5 Bxf5 41.
exf5 Rxf5 42. Rh7 g4 43. Bd2 Kd6 44. Rg1 Nd8 45. Rxg4 Ne6 46. Rxh3 Nf4+ 47.
Bxf4 exf4 48. Rh6+ Bf6 49. cxd4 f3+ 50. Kf2 Kd5 51. dxc5 Bd4+ 52. Rxd4+ Kxd4
53. cxb6 axb6 54. Rxb6 Kxd3 55. Rb3+ Ke4 56. Re3+ Kd4 57. Rxf3 Rh5 58. h3 Rc5
59. Rc3 Rf5+ 60. Kg3 Rf1 61. Kg2 Rd1 62. Rc2 Kd3 63. Rf2 Re1 64. h4 Re5 65. Kg3
Ra5 66. a3 Ra8 67. Rf4 Rb8 68. b4 Ra8 69. h5 Ke2 70. Rf2+ Ke1 71. Rf3 Ke2 72.
Rb3 Rg8+ 73. Kh4 Kd2 74. h6 Rc8 75. Rg3 Ke2 76. Kh5 Rd8 77. h7 1-0